Normal view
MARC view
Entry Personal Name
001 - CONTROL NUMBER
- control field: 41736
003 - CONTROL NUMBER IDENTIFIER
- control field: OSt
005 - DATE AND TIME OF LATEST TRANSACTION
- control field: 20230524204846.0
008 - FIXED-LENGTH DATA ELEMENTS
- fixed length control field: 230524|| aca||aabn | a|a d
040 ## - CATALOGING SOURCE
- Original cataloging agency: OSt
- Transcribing agency: OSt
100 ## - HEADING--PERSONAL NAME
- Personal name: Arundhati Roy
670 ## - SOURCE DATA FOUND
- Source citation: Work cat.: (OSt)56191: Arundhati Roy, The God of Small Things, 2002
